000 00467nam a2200169 a 4500
020 _a1566650534
090 _aLB
_b05057
041 _aeng
100 _aDelvare, G.
_992386
245 _aOn the new world Chalcididae (Hymenoptera)
260 _aFlorida
_bAmerican Entomological Institute
_c1992
300 _a466 p.
440 _aMemoirs of the American Entomological Institute
_n53
_992387
700 _aBoucek, Z.
_992388
942 _cIMPRESO
945 _d2007-09-17
999 _c5814
_d5814